[Event "Bled op 21st"]
[Site "Bled"]
[Date "2000.04.01"]
[Round "8"]
[White "Rogic, Davor"]
[Black "Kozul, Zdenko"]
[Result "1/2-1/2"]
[WhiteElo "2494"]
[BlackElo "2597"]
[PlyCount "121"]
[EventDate "2000.03.25"]
[Source "www.chesslib.no"]
[SourceDate "2004.05.04"]

1. e4 c5 2. Nf3 Nc6 3. d4 cxd4 4. Nxd4 Nf6 5. Nc3 d6 6. f3 e5 7. Nb3 Be7 8. Be3 O-O 9. Qd2 a5 10. Na4 Be6 11. Nb6 a4 12. Nxa8 Qxa8 13. Nc1 d5 14. Bd3 dxe4 15. fxe4 Rd8 16. O-O Nxe4 17. Qe1 Nd6 18. Bc5 g6 19. a3 f5 20. Na2 e4 21. Nb4 Ne5 22. Rd1 Bf6 23. Be2 Ndc4 24. b3 axb3 25. cxb3 Nxa3 26. Rxd8+ Qxd8 27. Qc1 Qa5 28. Nd5 Bxd5 29. Bxa3 Nc6 30. Rd1 Kg7 31. Bc5 Be6 32. Rd6 Kf7 33. Rd1 Qc3 34. Qxc3 Bxc3 35. Bc4 Bxc4 36. bxc4 Ke8 37. Rb1 Na5 38. Rc1 Be5 39. Bb6 Nb3 40. Rd1 Ke7 41. g3 Ke6 42. Kf2 Bd6 43. Be3 Na5 44. c5 Be7 45. Rb1 g5 46. Ke2 Ke5 47. Rb5 Nc6 48. Rxb7 f4 49. Rc7 f3+ 50. Kf2 Kd5 51. g4 Bxc5 52. Bxc5 Kxc5 53. Ke3 Kd5 54. Rd7+ Ke6 55. Rxh7 Ne5 56. Ra7 Nxg4+ 57. Kxe4 f2 58. Ra6+ Kf7 59. Ra1 Nxh2 60. Kf5 Kg7 61. Kxg5 1/2-1/2